000 00662nam a2200217Ia 4500
003 GCL
008 140319s9999 xx 000 0 ara d
040 _aGCL /
_cGCL
082 0 4 _a916.11
_bع ت
100 1 _aعمر طوسون
245 1 0 _aتاريخ الاسكندرية القديم وترعة المحمودية /
_cعمر طوسون
260 _a[S.N] :
_bدار الكتب المصرية ،
_c1942
300 _a152 ص
490 _a
650 0 4 _aمصر القديمة
650 0 4 _aالجغرافيا
650 0 4 _aالاسكندرية
650 0 4 _aخليج الاسكندرية
650 0 4 _aالوصف الجغرافى
942 _2ddc
_cBK
999 _c28316
_d28316